| 000 | 00467 a2200085 4500 | ||
|---|---|---|---|
| 245 | 0 | 0 |
_aPrzyrządy półprzewodnikowe Przyrządy dyskretne Diody sygnałowe - (z włączeniem diod przełączających ) i diody stabilizujące Ramowa norma szczegółowa dla diod sygnałowych, diod przełączających i diod lawinowych o kontrolowanym napięciu przebicia PN-T-01213-1 / _cTEWA. |
| 246 | 1 | 3 | _aPN-T-01213-1 |
| 260 |
_aWarszawa : _bTEWA, _c1994. |
||
| 300 |
_a13 stron ; _c30 cm. |
||
| 650 | _aPolska norma | ||
| 999 |
_c19999 _d19999 |
||